| 000 | 00651nam a2200193Ia 4500 | ||
|---|---|---|---|
| 008 | 0000001986 sp a 0000000000spa00 | ||
| 090 | _aPSP00 A71m | ||
| 110 | 1 | _aArco (1986 : Madrid) | |
| 245 | 1 | 0 |
_aMenendez Rojas _b: obra reciente _c/ Arco 86 |
| 300 |
_a[16] p. _c/ 21 cm. |
||
| 500 | _aCon el patronazgo del maestro venezolano Jesús Rafael Soto (q.e.p.d.) | ||
| 600 | 0 | 0 |
_aMENENDEZ ROJAS, JOSE MANUEL, 1956/ _xTRABAJOS PICTORICOS |
| 650 | 1 | 4 | _aARTE CONTEMPORANEO ESPAÑOL |
| 650 | 1 | 4 | _xCATALOGOS |
| 650 | 1 | 4 | _xEXPOSICIONES |
| 650 | 1 | 4 | _aPINTORES ESPAÑOLES |
| 650 | 1 | 4 | _aPINTURA ESPAÑOLA |
| 999 |
_c6512 _d6512 |
||
| 260 |
_aMadrid : Arco _c1986 |
||